00745nam a2200169Ia 4500008004000000020001800040082001600058100000600074245010100080260003700181300001100218650013800229690001700367906000800384999001900392952016400411210210b2000 xxu||||| |||| 00| 0 eng d a81 86114 76 9 a378.34 DIRE a- aDirectory of national & international scholarships for postgraduates research scholars teachers. aNDbStudent aid Publishersc2000 aA-B161 aScholarships National scholarships International scholarships Postgraduates scholarships Research scholarships Teachers scholars aHigher Educa aSG0 c114184d114184 001040708EducationaALbALcEducationd2021-02-17eHigginbothams (P) Ltd., Mangalore-01.g0.00l0o378.34 DIREpSG03558r2021-02-17 00:00:00w2021-02-17ySG